000 01460nam a2200337 a 4500
001 ebr10733977
003 CaPaEBR
006 m o u
007 cr cn|||||||||
008 120803s2013 nyua sb 001 0 eng d
010 _z 2012030297
020 _z9781622577385 (soft cover)
020 _z9781622577460 (e-book)
040 _aCaPaEBR
_cCaPaEBR
035 _a(OCoLC)857078983
050 1 4 _aGE70
_b.E58175 2013eb
082 0 4 _a363.70071/2
_223
245 0 0 _aEnvironmental education in a high school biology class
_h[electronic resource] :
_bknowing and appreciating nature /
_cDalva Maria Bianchini Bonotto [editor].
260 _aHauppauge, N.Y. :
_bNova Science Publisher's, Inc.,
_cc2013.
300 _axiii, 102 p. :
_bill.
490 1 _aEducation in a competitive and globalizing world
504 _aIncludes bibliographical references and index.
533 _aElectronic reproduction.
_bPalo Alto, Calif. :
_cebrary,
_d2013.
_nAvailable via World Wide Web.
_nAccess may be limited to ebrary affiliated libraries.
650 0 _aEnvironmental education.
650 0 _aBiology
_xStudy and teaching (Secondary)
655 7 _aElectronic books.
_2local
700 1 _aBianchini Bonotto, Dalva Maria.
710 2 _aebrary, Inc.
830 0 _aEducation in a competitive and globalizing world series.
856 4 0 _uhttp://site.ebrary.com/lib/rucke/Doc?id=10733977
_zAn electronic book accessible through the World Wide Web; click to view
999 _c151006
_d151006